Años de vértigo: cultura y cambio en Occidente, 1900-1914
Gespeichert in:
| 1. Verfasser: | |
|---|---|
| Format: | Buch |
| Sprache: | Spanisch |
| Veröffentlicht: |
Barcelona
Anagrama
2010
|
| Schriftenreihe: | Colección Argumentos, 418
|
| Schlagworte: | |
| Tags: |
Tag hinzufügen
Keine Tags, Fügen Sie den ersten Tag hinzu!
|
MARC
| LEADER | 00000cam a2200000 a 4500 | ||
|---|---|---|---|
| 001 | UCG7895 | ||
| 003 | CL-VaPUC | ||
| 008 | 111021e20100000SP |||||||||||||||||spa|d | ||
| 020 | |a 9788433963178 | ||
| 082 | 0 | 4 | |a 940.557 |b BLO |2 21 |
| 100 | 0 | |a Blom, Philipp |e author |9 558383 | |
| 245 | 1 | 0 | |a Años de vértigo: cultura y cambio en Occidente, 1900-1914 |
| 300 | |a 677 p | ||
| 942 | |c BK | ||
| 945 | |d 20111021 00:00:00 |a dcastane | ||
| 260 | |a Barcelona |b Anagrama |c 2010 | ||
| 500 | |a Traducción de Daniel Najmías | ||
| 650 | 7 | |a HISTORIA UNIVERSAL SIGLO 20 |2 CL-VaPUC |9 361893 | |
| 650 | 7 | |a HISTORIA UNIVERSAL 1900-1914 |2 CL-VaPUC |9 558384 | |
| 583 | |a last modification |c 20111021 10:47:00 |k Rodrigo Vera | ||
| 490 | 0 | |a Colección Argumentos, 418 | |
| 999 | |c 345583 |d 345581 | ||
| 952 | |0 0 |1 0 |4 0 |6 940_557000000000000_BLO_2010 |7 0 |8 A |9 444492 |a BIBHIS |b BIBHIS |d 2019-11-22 |i 4792475 |l 2 |o 940.557 BLO 2010 |p 4792475 |r 2025-01-20 |s 2021-08-26 |w 2019-11-22 |y BK |k HIS | ||